Les footballeurs brésiliens au PSG - Statistiques

Statistiques générales
  • Ce quiz a été pris 772 fois
  • Le résultat moyen est 9 sur 32
Statistiques - réponses
Dates + Nombres de matchs et de buts Nom du footballeur % Correct
2017-2023 - 173 matchs - 118 buts Neymar
98%
Depuis 2013 - 420 matchs - 38 buts Marquinhos
90%
2012-2020 - 315 matchs - 17 buts Thiago Silva
87%
2001-2003 - 77 matchs - 25 buts Ronaldinho
77%
2013-2018 - 229 matchs - 46 buts Lucas Moura
65%
2002-2003 - 17 matchs - 1 but André Luiz
58%
2014-2016 - 89 matchs - 8 buts David Luiz
58%
2012-2017 - 214 matchs - 13 buts Maxwell
54%
2017-2019 - 73 matchs - 8 buts Dani Alves
53%
1993-1998 - 215 matchs - 72 buts Raí
49%
2012-2014 - 92 matchs - 9 buts Alex
40%
2010-2013 - 112 matchs - 48 buts Nenê
39%
2020-2021 - 39 matchs - 0 but Rafinha
30%
1991-1995 - 153 matchs - 16 buts Valdo
17%
2007-2012 - 197 matchs - 3 buts Ceará
14%
1996-1997 - 46 matchs - 10 buts Leonardo
13%
2008 - 17 matchs - 0 but Souza
11%
1999-2000 - 12 matchs - 1 but César
9%
2002-2004 et 2005-2007 - 67 matchs - 6 buts Paulo César
9%
2001 - 7 matchs - 1 but Vampeta
8%
1999-2001 - 71 matchs - 28 buts Christian
7%
2001-2002 et 2003-2005 - 78 matchs - 15 buts Reinaldo
7%
2001-2003 - 54 matchs - 14 buts Aloísio
6%
2008-2001 - 3 matchs - 0 but Éverton Santos
6%
1991-1995 - 155 matchs - 17 buts Ricardo Gomes
6%
1998-1999 - 25 matchs - 4 buts Adaílton
5%
1997 - 18 matchs - 0 but Edmílson
5%
1979-1981 - 46 matchs - 10 buts Abel Braga
3%
2001-2002 - 28 matchs - 3 buts Alex Dias
3%
1991-1992 - 29 matchs - 1 but Geraldão
3%
1973-1974 - 9 matchs - 5 buts Armando Monteiro
2%
1971-1972 - 2 matchs - 0 buts Joel Camargo
2%
Aucun quiz correspondant
Distribution des résultats
% des personnes avec chaque résultat
Percentile par nombre de réponses
Votre historique - résultats
Vous n’avez pas pris ce quiz